书目信息 |
| 题名: |
等离子体物理学原理
|
|
| 作者: | 克拉尔 , krall , 特里维尔皮斯 , Trivelpiece 著 ;郭书印 译 | |
| 分册: | ||
| 出版信息: | 北京 原子能出版社 1983 |
|
| 页数: | 429页 | |
| 开本: | 25cm | |
| 丛书名: | ||
| 单 册: | ||
| 中图分类: | O53 | |
| 科图分类: | ||
| 主题词: | 等离子体物理学 | |
| 电子资源: | ||
| ISBN: | ||
| 000 | 00988nam0 2200313 45 | |
| 001 | 0183011994 | |
| 005 | 20040913094007.8 | |
| 010 | @dCNY3.30 | |
| 091 | @a15175.492 | |
| 100 | @a19950724d1983 emky0chiy0121 ea | |
| 101 | 1 | @achi@ceng |
| 102 | @aCN@b110000 | |
| 105 | @ay z 000yy | |
| 106 | @ar | |
| 200 | 10 | @a等离子体物理学原理@Adeng li zi ti wu li xue yuan li@f(美)N.A.克拉尔,A.W.特里维尔皮斯著@F(Mei)N.A.Ke La Er,A.W.Te Li Wei Er Pi Si Zhu@g郭书印译 |
| 210 | @a北京@c原子能出版社@d1983 | |
| 215 | @a429页@d25cm | |
| 300 | @a书名原文:Principles of Plasma Physics | |
| 510 | 1 | @aPrinciples of Plasma Physics@zeng |
| 606 | @a等离子体物理学 | |
| 690 | @aO53@v3 | |
| 701 | 1 | @a克拉尔@Ake la er@bN.A.@4著 |
| 701 | A1 | @akrall@bN.A.@4著 |
| 701 | 1 | @a特里维尔皮斯@Ate li wei er pi si@bA.W.@4著 |
| 701 | A1 | @aTrivelpiece@bA.W.@4著 |
| 702 | 0 | @a郭书印@Aguo shu yin@4译 |
| 801 | 0 | @aCN@b上海图书馆@c20040913 |
| 801 | 2 | @aCN@bNLC@c20040913 |
| 905 | @f1@b107818@dO53@e2 | |
| 等离子体物理学原理/(美)N.A.克拉尔,A.W.特里维尔皮斯著/郭书印译.-北京:原子能出版社,1983 |
| 429页;25cm |
| 书名原文:Principles of Plasma Physics |
| ISBN :CNY3.30 |
| ● |
| 相关链接 |
|
|
|
|
正题名:等离子体物理学原理
索取号:O53/2
 
预约/预借
| 序号 | 登录号 | 条形码 | 馆藏地/架位号 | 状态 | 备注 |
| 1 | 0107818 | 001695794 | 第三借阅区/ [索取号:O53/2] | 在馆 | |
| 2 | 0107819 | 001453233 | 第二样本阅览室/ [索取号:O53/2] | 在馆 |